Quizzes
Events
Quiz Creation
Community
Videos
Private Events
Remove Ads
Sign In
Join for FREE
Feedback
Dark Mode
Quiz Categories
Sports
Geography
Music
Movies
Television
Just For Fun
Miscellaneous
History
Literature
Language
Science
Gaming
Entertainment
Religion
Holiday
For Kids
Quiz Lab
Recent
Popular Today
Quiz Kudos Today
Editor Picks
Curator Picks
Quizzes by...
Day
Popularity
Type
Ratings
Length
Year
Community
Subscriptions
Recent Discussions
Orange Saloon
Badges
Playlists
Quests
Create
Leaderboards
Showdown
Live 5
Trivia Bingo
Activity
Puzzle Library
Sporcle Events
Private Events
Virtual Trivia
Globe League
Become a Host
Pub Owners
SporcleCon
Opinionation
Our Games
Videos
Blog
Mobile Apps
Partnerships
Remove Ads and Go Orange
Feedback
Entertainment
Celebrity
Famous
Musical
Broadway
Show
Quote
Comic Books
Anime
Superhero
DC Comics
Marvel
Cartoons
Animation
Entertainment
Celebrity
Famous
Musical
Broadway
Show
Quote
Comic Books
Anime
Superhero
DC Comics
Marvel
Cartoons
Animation
Random Quiz
Search Sporcle
×
Quiz Lab
Quiz Lab
Entertainment
Actor
Type in answers that appear in a list
Type in answers that appear in a list
Classic
Best Score? Go Orange.
Actors and Characters (Eastenders) Past and Present Stats
Can you name the Actors and Characters (Eastenders)?
By
misswicks
5m
30 Questions
236 Plays
236 Plays
236 Plays
Comments
Comments
Give Quiz Kudos
Give Quiz Kudos
-
- Ratings
hide this ad
Random Order
Randomize order of answers
Randomize order of answers
Replay
Link that replays current quiz
Next Quiz
Link to next quiz in quiz playlist
You Got
0%
They Got
Avg Score
63%
Avg Friend Score
Upgrade to see
Score Distribution
Jump to the score distribution portion of the page
Score
0/30
Timer
05:00
0
Plays Today
Character
Actor
% Correct
Alfie Moon
Shane Richie
82.6%
Stacey Slater
Lacey Turner
81.3%
Bianca Butcher
Patsy Palmer
80%
Kat Moon
Jessie Wallace
80%
Phil Mitchell
Steve McFadden
79.6%
Ricky Butcher
Sid Owen
79.6%
Janine Malloy
Charlie Brooks
77.9%
Ian Beale
Adam Woodyatt
76.6%
Tanya Branning
Jo Joyner
76.6%
Archie Mitchell
Larry Lamb
75.3%
Sonia Fowler
Natalie Cassidy
74.9%
Ronnie Mitchell
Samantha Womack
73.6%
Jane Beale
Laurie Brett
68.1%
Mickey Miller
Joe Swash
63.4%
Christian Clarke
John Partridge
62.6%
Character
Actor
% Correct
Steve Owen
Martin Kemp
61.7%
Vanessa Gould
Zoe Lucker
61.3%
Arthur Chubb
Ricky Norwood
57%
Deano Wicks
Matt Di Angelo
55.3%
Mel Owen
Tamzin Outhwaite
54.5%
Laura Beale
Hannah Waterman
54.5%
Gary Hobbs
Ricky Groves
53.6%
Dennis Rickman
Nigel Harman
52.3%
Lisa Fowler
Lucy Benjamin
52.3%
Ruby Allen
Louisa Lytton
50.6%
Chrissie Watts
Tracey-Ann Oberman
50.2%
Chelsea Fox
Tiana Benjamin
48.9%
Jamie Mitchell
Jack Ryder
48.1%
Beppe di Marco
Michael Greco
39.6%
Spencer Moon
Christopher Parker
34.9%
Quiz Playlist
Details
Report
Send in Message
Add To Playlist
Classic:
Type in answers that appear in a list
Random Order:
Randomize order of answers
Last Updated: Feb 16, 2017
Quiz Scoreboard
CHALLENGE
Sign Up to Join the Scoreboard
Show All
Scores
Hide
Comments
May contain spoilers
Recently Published
Billboard Blitz: Fleetwood Mac
by CooCooCachoo
Music
15s
Presidents Visiting Landmarks
by Hejman
History
7m
An Introduction to Baseball
by treessimontrees
Sports
5m
More to Explore
Quiz From the Vault
Featured Blog Post
Where Did the Easter Bunny Come From?
hide this ad
You Might Also Like...
Tags
Actor Quiz
Attender
Character
past
Today's Top Quizzes in Entertainment
Browse Entertainment
hide this ad
Today's Top Quizzes in Actor
Browse Actor
Top Contributed Quizzes in Entertainment
1
7-to-1: DC Comics Villains
2
Marvel Characters Bunker
3
Eurovision 2023 Logic Puzzle
4
Dragon Ball Z: Goku's Fights in Order
5
Kamen Rider Motifs
6
Criteria Quickie: Cartoon Taxonomy II
7
Sorting Pictures: Villains
8
Fictional Villains Letter U Blitz
9
Mini Trivia Sudoku: Musicals
10
Dragon Ball Z: Mega Character Search
Explore More
Trending Topics
Anime
Harry Potter
Disney
Crossword
Marvel
Kpop
NBA
Country
Soccer
Song
Pokémon
WWE
The Office
Puzzle
NFL
hide this ad
More By:
misswicks
Quiz
Plays
Rating
Category
Featured
Created
Mighty Boosh Characters
343
3.00
Television
May 16, 2010
Actors and Characters (Eastenders) Past and Present
236
Entertainment
Nov 6, 2011
Go to Creator's Profile
Score Distribution
Quiz Creator Spotlight
misswicks
Follow
Send a Message
Quizzes Created
-
Created Quiz Play Count
-
More By This Creator
Popular Quizzes Today
1
Find the US States - No Outlines Minefield
2
Find the Countries of Europe - No Outlines Minefield
3
The Countries of the World
4
Find the US States
5
US States
6
Popular People in 1961
7
Risky Map Clicking: Biggest States A-Z
8
Movies - When Are They Set?
More Entertainment Quizzes
Celebrity by Scandal
Published
Trending Quizzes
Risky Map Clicking: Least Populous States A-Z
1-10 Letter G Words
1-10 Letter F Words
Risky Map Clicking: Next State Alphabetically
Risky Map Clicking: Biggest States A-Z
Recently Updated
Leaping Animals
pecheneg
Reality TV Shows (A-Z)
bhenderson79
Rickey Henderson's Hall of Fame Teammates
pecheneg
Champions League XIs: Arsenal
pecheneg
Quick Pick: Celebrities in WWE's Hall of Fame
aduchscher
A-Z Keypad Blitz II
pecheneg
Multiple Oscar Actors
pecheneg
Mystery Phrase Blitz: Oscar 'Best Actors'
pecheneg
F. Scott Fitzgerald Novels
LTH
Pick 3 Villains
ddd62291
Trending Topics
NBA
Anime
Disney
Kpop
Harry Potter
Crossword
Marvel
The Office
Song
Soccer
Pokémon
Country
WWE
NFL
Puzzle
Your Account Isn't Verified!
In order to create a playlist on Sporcle, you need to verify the email address you used during registration. Go to your
Sporcle Settings
to finish the process.
Report this User
Report this user for behavior that violates our
Community Guidelines
.
Details:
Send Report
Go to the Sporcle.com Mobile Site →
Comments